Fairy Tail - Membres de la guilde Quattro Cerberos - Statistiques

Statistiques générales
  • Ce quiz a été pris 9 fois
  • Le résultat moyen est 4 sur 9
Statistiques - réponses
Par images Réponse % Correct
Bacchus
100%
Golmine
86%
Joy
57%
Warcry
57%
Nobarly
29%
Rocker
29%
Jäger
14%
Semus
14%
Geese
0%
Aucun quiz correspondant
Distribution des résultats
% des personnes avec chaque résultat
Percentile par nombre de réponses
Votre historique - résultats
Vous n’avez pas pris ce quiz